Los toros, acontecimiento nacional / (Record no. 184062)

MARC details
000 -LEADER
campo de control de longitud fija 00769nam a2200217 i 4500
001 - NÚMERO DE CONTROL
campo de control 184062
003 - IDENTIFICADOR DE NÚMERO DE CONTROL
campo de control ES-MaACL
005 - FECHA Y HORA DE LA ÚLTIMA TRANSACCIÓN
campo de control 20250821111429.0
008 - DATOS DE LONGITUD FIJA--INFORMACIÓN GENERAL
campo de control de longitud fija 150303s2010 sp |||| | spa d
080 ## - NÚMERO DE LA CLASIFICACIÓN DECIMAL UNIVERSAL
Número de la Clasificación Decimal Universal 791.862
100 1# - ENTRADA PRINCIPAL--NOMBRE DE PERSONA
Nombre de persona Tierno Galván, Enrique,
Fechas asociadas al nombre 1918-1986
9 (RLIN) 110235
245 14 - MENCIÓN DEL TÍTULO
Título Los toros, acontecimiento nacional /
Mención de responsabilidad, etc. Enrique Tierno Galván ; [prólogo, José Luis Gutiérrez].
260 ## - PUBLICACIÓN, DISTRIBUCIÓN, ETC.
Lugar de publicación, distribución, etc. Madrid :
Nombre del editor, distribuidor, etc. Leer,
Fecha de publicación, distribución, etc. [2010]
300 ## - DESCRIPCIÓN FÍSICA
Extensión 94 p. ;
Dimensiones 17 cm.
505 8# - NOTA DE CONTENIDO CON FORMATO
Nota de contenido con formato Contiene: Tierno y la tauromaquia / José Luis Gutiérrez
650 #4 - PUNTO DE ACCESO ADICIONAL DE MATERIA--TÉRMINO DE MATERIA
Término de materia o nombre geográfico como elemento de entrada Corridas de toros.
9 (RLIN) 11370
700 1# - ENTRADA AGREGADA--NOMBRE PERSONAL
Nombre de persona Gutiérrez Suárez, José Luis
9 (RLIN) 61063
852 4# - LOCALIZACIÓN
Ubicación ES-MaACL
Número de control de estantería A-13433
itemnumber 191029
Sublocalización o colección R.150272
Ubicación en estantería Depósito 1
Signatura antigua Olim: N-6433
942 ## - ELEMENTOS DE ENTRADA SECUNDARIOS (KOHA)
Fuente del sistema de clasificación o colocación Clasificación decimal universal
Tipo de ítem Koha Libro impreso
Holdings
Estatus retirado Estado de pérdida Fuente del sistema de clasificación o colocación Estado de daño No para préstamo Biblioteca de origen Biblioteca actual Ubicación en estantería Fecha de adquisición Fuente de adquisición Total de préstamos Signatura topográfica completa Código de barras Visto por última vez Precio de reemplazo Tipo de ítem Koha
    Clasificación decimal universal     Biblioteca del Ateneo de Madrid Biblioteca del Ateneo de Madrid Depósito 1 03/03/2015 Donación   A-13433 1193550 23/02/2023 23/02/2023 Libro impreso